000 00560nam a22002177a 4500
003 UA-OsUOA
001 49597
007 ta
008 20071010b un ||||| |||| 00| 0 ukr d
090 _a72
_bГ75
942 _cBK
040 _aUA-OsUOA
_bukr
_cUA-OsUOA
_dUA-OsUOA
245 _aГригорій Крук та європейська пластика середини ХХ століття
300 _a77 с.
955 _a1
041 _aukr
080 _a72
260 _aК.
_c1995
650 7 _a72 Архітектура
_2UDC
999 _c335702
_d335702